[Event "LSS ZN-2022-0-04385"]
[Site "LSS email"]
[Date "2022.02.20"]
[Round "?"]
[White "Goti, Javier"]
[Black "Ventura, Bob"]
[Result "0-1"]
[WhiteElo "580"]
[BlackElo "706"]
[PlyCount "88"]
[EventDate "2022.02.14"]
[EventType "match (corr)"]
[EventRounds "2"]
[EventCountry "GER"]
[SourceTitle "Corr 2024"]
[Source "ChessBase"]
[SourceDate "2023.10.19"]
[SourceVersion "1"]
[SourceVersionDate "2023.10.19"]
[SourceQuality "1"]

1. c4 e5 2. Nc3 Nf6 3. g3 Nc6 4. Bg2 Bc5 5. e3 0-0 6. Nge2 Qe8 7. 0-0 d6 8. f3 a6 9. d4 exd4 10. exd4 Ba7 11. Ne4 Qe7 12. Kh1 Bf5 13. Bg5 h6 14. Nxf6+ gxf6 15. Bxh6 Rfe8 16. Re1 Qd7 17. a3 Kh7 18. Qd2 Rg8 19. Qf4 Ne7 20. Qd2 Rg6 21. Bf4 c6 22. h4 Qd8 23. h5 Rg7 24. g4 Bd7 25. Bxd6 Ng8 26. c5 Be6 27. b4 Bb8 28. Nf4 Bxd6 29. Nxe6 fxe6 30. cxd6 Qxd6 31. f4 Rxg4 32. Qd3+ f5 33. Bh3 Rxf4 34. Qg3 Rf1+ 35. Rxf1 Qxg3 36. Bg2 Qh4+ 37. Kg1 Qxd4+ 38. Kh1 Nh6 39. Rad1 Qh4+ 40. Kg1 Rd8 41. Bf3 Qg3+ 42. Bg2 Rg8 43. Rd2 Ng4 44. Rf3 Qe1+ 0-1

[Event "RN-2018-0-01485"]
[Site "LSS email"]
[Date "2018.11.23"]
[Round "?"]
[White "Goti, Javier"]
[Black "Kuttner, Jaromir"]
[Result "0-1"]
[WhiteElo "565"]
[BlackElo "897"]
[PlyCount "93"]
[EventDate "2018.11.07"]
[EventType "tourn (corr)"]
[EventRounds "6"]
[EventCountry "GER"]
[SourceTitle "Corr 2022"]
[Source "ChessBase"]
[SourceDate "2021.10.24"]
[SourceVersion "1"]
[SourceVersionDate "2021.10.24"]
[SourceQuality "1"]

1. c4 e6 2. Nc3 d5 3. cxd5 exd5 4. e3 Nf6 5. Nf3 Be7 6. Be2 0-0 7. 0-0 c5 8. Qc2 Nc6 9. a3 Bg4 10. Re1 a6 11. d4 Qc7 12. Na4 b6 13. dxc5 bxc5 14. Nxc5 Ne4 15. Nxe4 dxe4 16. Qxe4 f5 17. Qe6+ Kh8 18. b4 Rf6 19. Qc4 Rg6 20. Bb2 Qb7 21. Nh4 Bxh4 22. Bxg4 Rxg4 23. Qc3 Re8 24. Qc5 Nxb4 25. g3 Nd5 26. Rab1 Qf7 27. Red1 Nf6 28. Qxf5 Rg6 29. Qc2 Nd5 30. Kh1 Bf6 31. Qf5 Rg5 32. Qf3 Nxe3 33. fxe3 Rf8 34. Bxf6 gxf6 35. Rb7 Qe6 36. Rdd7 Qc4 37. Rxh7+ Kg8 38. Rb4 Qc1+ 39. Kg2 Qc2+ 40. Kh3 Qxh7+ 41. Rh4 Qd7+ 42. Kg2 Kg7 43. Rd4 Qc8 44. e4 Rh8 45. h4 Rxh4 46. Kf2 Qc2+ 47. Ke3 0-1

[Event "RN-2018-0-01485"]
[Site "LSS email"]
[Date "2018.11.23"]
[Round "?"]
[White "Vontina, Maria"]
[Black "Goti, Javier"]
[Result "0-1"]
[WhiteElo "924"]
[BlackElo "565"]
[PlyCount "52"]
[EventDate "2018.11.07"]
[EventType "tourn (corr)"]
[EventRounds "6"]
[EventCountry "GER"]
[SourceTitle "Corr 2022"]
[Source "ChessBase"]
[SourceDate "2021.10.24"]
[SourceVersion "1"]
[SourceVersionDate "2021.10.24"]
[SourceQuality "1"]

1. e4 c5 2. Nf3 Nc6 3. d4 cxd4 4. Nxd4 e6 5. Nc3 a6 6. Be3 Bb4 7. Nxc6 bxc6 8. Be2 Bxc3+ 9. bxc3 Nf6 10. f3 Rb8 11. Bc5 d5 12. exd5 cxd5 13. 0-0 Qa5 14. Bb4 Qc7 15. Qd2 Nd7 16. Rfb1 Bb7 17. Qe3 Qc6 18. Rd1 Rc8 19. a4 Nc5 20. a5 0-0 21. c4 Rfd8 22. cxd5 exd5 23. c3 Re8 24. Qf2 f5 25. Bf1 f4 26. Qd4 Nb3 0-1

[Event "RN-2017-0-01346"]
[Site "LSS email"]
[Date "2017.09.26"]
[Round "?"]
[White "Klawitter, Bernd"]
[Black "Goti, Javier"]
[Result "1-0"]
[WhiteElo "645"]
[BlackElo "585"]
[PlyCount "43"]
[EventDate "2017.09.17"]
[EventType "tourn (corr)"]
[EventRounds "6"]
[EventCountry "GER"]
[SourceTitle "Corr 2022"]
[Source "ChessBase"]
[SourceDate "2021.10.24"]
[SourceVersion "1"]
[SourceVersionDate "2021.10.24"]
[SourceQuality "1"]

1. e4 c5 2. c3 Nc6 3. d4 cxd4 4. cxd4 e6 5. d5 exd5 6. exd5 Nb4 7. Nc3 Qc7 8. a3 Qa5 9. Bc4 d6 10. Bd2 Na6 11. Ne4 Qd8 12. Ne2 Nc5 13. Nxc5 dxc5 14. 0-0 Bd6 15. Bc3 Qh4 16. Ng3 f6 17. Re1+ Ne7 18. Bb5+ Bd7 19. Bxd7+ Kxd7 20. Qe2 a6 21. Qe6+ Kc7 22. Ba5+ 1-0

[Event "RN-2017-0-01341"]
[Site "LSS email"]
[Date "2017.09.14"]
[Round "?"]
[White "Goti, Javier"]
[Black "Bester, Kazimierz"]
[Result "0-1"]
[WhiteElo "602"]
[BlackElo "741"]
[PlyCount "62"]
[EventDate "2017.09.05"]
[EventType "tourn (corr)"]
[EventRounds "6"]
[EventCountry "GER"]
[SourceTitle "Corr 2022"]
[Source "ChessBase"]
[SourceDate "2021.10.24"]
[SourceVersion "1"]
[SourceVersionDate "2021.10.24"]
[SourceQuality "1"]

1. e4 d5 2. exd5 Qxd5 3. Nc3 Qa5 4. d3 Nf6 5. Bd2 Nc6 6. Be2 Bd7 7. Nf3 0-0-0 8. 0-0 e5 9. Ne4 Qb6 10. Nxf6 gxf6 11. b3 Ne7 12. c4 Rg8 13. Qc2 Bh3 14. Be3 Rxg2+ 15. Kh1 Qa6 16. Rg1 Rxg1+ 17. Nxg1 Bd7 18. d4 exd4 19. Bxd4 f5 20. Nf3 Qg6 21. Rg1 Qc6 22. Bf1 Qxf3+ 23. Bg2 Qh5 24. f4 Nc6 25. Bc3 Bc5 26. Rf1 Qg6 27. Re1 Be6 28. Qb2 h5 29. Bxc6 bxc6 30. Qc1 Qg4 31. Be5 Qf3# 0-1

[Event "RN-2017-0-01341"]
[Site "LSS email"]
[Date "2017.09.14"]
[Round "?"]
[White "Goti, Javier"]
[Black "Czaban, Tomasz"]
[Result "1-0"]
[WhiteElo "602"]
[BlackElo "720"]
[PlyCount "75"]
[EventDate "2017.09.05"]
[EventType "tourn (corr)"]
[EventRounds "6"]
[EventCountry "GER"]
[SourceTitle "Corr 2022"]
[Source "ChessBase"]
[SourceDate "2021.10.24"]
[SourceVersion "1"]
[SourceVersionDate "2021.10.24"]
[SourceQuality "1"]

1. e4 e6 2. Nf3 d5 3. exd5 exd5 4. d4 Nc6 5. Bb5 Bd7 6. 0-0 Be7 7. Be3 Nf6 8. h3 a6 9. Ba4 0-0 10. c3 h6 11. Nbd2 b5 12. Bc2 Na5 13. b3 Nb7 14. a3 Nd6 15. Ne5 Be6 16. f3 Nd7 17. Nc6 Qe8 18. Qe2 Nb8 19. Na5 Nc6 20. Nxc6 Qxc6 21. Qd3 f5 22. Rac1 Bh4 23. Bf4 Nf7 24. g3 Bf6 25. Rfe1 Qb6 26. b4 c6 27. Nb3 Rfe8 28. Nc5 Nd8 29. Kg2 Bf7 30. Nd7 Qb7 31. Nxf6+ gxf6 32. Qxf5 Be6 33. Qg6+ Qg7 34. Qxe8+ Qf8 35. Bh7+ Kg7 36. Bxh6+ Kxh7 37. Qxf8 Nf7 38. Qg7# 1-0

[Event "LSS No Engine Cup 172 Preliminary 0"]
[Site "LSS email"]
[Date "2017.08.19"]
[Round "?"]
[White "Goti, Javier"]
[Black "Herzog, Agnes"]
[Result "0-1"]
[WhiteElo "1050"]
[BlackElo "2173"]
[PlyCount "32"]
[EventDate "2017.08.20"]
[EventType "tourn (corr)"]
[EventRounds "6"]
[EventCountry "GER"]
[SourceTitle "Corr 2022"]
[Source "ChessBase"]
[SourceDate "2021.10.24"]
[SourceVersion "1"]
[SourceVersionDate "2021.10.24"]
[SourceQuality "1"]

1. e4 e5 2. Nf3 Nc6 3. Bb5 Nf6 4. 0-0 Nxe4 5. Bxc6 dxc6 6. Nxe5 Be7 7. d3 Nd6 8. Bf4 0-0 9. c4 Nf5 10. Nf3 Nd4 11. Nxd4 Qxd4 12. Qd2 Bf5 13. Re1 Bf6 14. Bxc7 Qxb2 15. Qxb2 Bxb2 16. Be5 Rfe8 0-1

[Event "LSS No Engine Cup 172 Preliminary 0"]
[Site "LSS email"]
[Date "2017.08.19"]
[Round "?"]
[White "Pech, Jaroslav Sr"]
[Black "Goti, Javier"]
[Result "0-1"]
[WhiteElo "1430"]
[BlackElo "1050"]
[PlyCount "42"]
[EventDate "2017.08.20"]
[EventType "tourn (corr)"]
[EventRounds "6"]
[EventCountry "GER"]
[SourceTitle "Corr 2022"]
[Source "ChessBase"]
[SourceDate "2021.10.24"]
[SourceVersion "1"]
[SourceVersionDate "2021.10.24"]
[SourceQuality "1"]

1. b4 f5 2. Bb2 Nf6 3. e3 e6 4. b5 c6 5. a4 Bb4 6. c3 Ba5 7. Nf3 d6 8. d4 0-0 9. Bd3 b6 10. 0-0 Bb7 11. Nfd2 c5 12. Nc4 Ne4 13. Qe1 a6 14. f3 Nf6 15. Nbd2 Qc7 16. Qg3 Nbd7 17. Qxd6 Qxd6 18. Nxd6 Rab8 19. bxa6 Bxa6 20. Bxa6 Nd5 21. Bc4 Nxe3 0-1

[Event "LSS No Engine Cup 172 Preliminary 0"]
[Site "LSS email"]
[Date "2017.08.19"]
[Round "?"]
[White "Zakaria, Ahmed"]
[Black "Goti, Javier"]
[Result "1-0"]
[WhiteElo "2095"]
[BlackElo "1050"]
[PlyCount "47"]
[EventDate "2017.08.20"]
[EventType "tourn (corr)"]
[EventRounds "6"]
[EventCountry "GER"]
[SourceTitle "Corr 2022"]
[Source "ChessBase"]
[SourceDate "2021.10.24"]
[SourceVersion "1"]
[SourceVersionDate "2021.10.24"]
[SourceQuality "1"]

1. d4 f5 2. c4 e6 3. Nc3 Bb4 4. Nf3 Nf6 5. Bg5 0-0 6. g3 d6 7. Bg2 c6 8. 0-0 Nbd7 9. Qb3 Bxc3 10. Qxc3 Qc7 11. Be3 Ne4 12. Qc2 b6 13. Nh4 d5 14. cxd5 exd5 15. Bf4 Nd6 16. Bxd5+ Kh8 17. Qxc6 Bb7 18. Qxc7 Bxd5 19. Qxd6 Nf6 20. Nxf5 Rfd8 21. Qe5 Re8 22. Qc7 Rg8 23. Be5 Rac8 24. Qxa7 1-0

[Event "OP-2017-0-04396"]
[Site "LSS email"]
[Date "2017.07.28"]
[Round "?"]
[White "Goti, Javier"]
[Black "Vasseur, Olivier"]
[Result "0-1"]
[WhiteElo "641"]
[BlackElo "2109"]
[PlyCount "70"]
[EventDate "2017.07.23"]
[EventType "tourn (corr)"]
[EventRounds "4"]
[EventCountry "GER"]
[SourceTitle "Corr 2022"]
[Source "ChessBase"]
[SourceDate "2021.10.24"]
[SourceVersion "1"]
[SourceVersionDate "2021.10.24"]
[SourceQuality "1"]

1. e4 e6 2. Nf3 d5 3. exd5 exd5 4. d4 Nc6 5. Bb5 Bd7 6. 0-0 Nf6 7. Bg5 Be7 8. Nc3 a6 9. Bxc6 bxc6 10. Rb1 h6 11. Bxf6 Bxf6 12. Na4 0-0 13. Nc5 Bf5 14. Ne5 Bxe5 15. dxe5 Qe7 16. b4 Qxe5 17. f4 Qe3+ 18. Kh1 Rfe8 19. Nb3 Rad8 20. Nc5 Qc3 21. Nd3 Re3 22. Rb3 Qd4 23. a3 Bxd3 24. Rxd3 Rxd3 25. cxd3 Re8 26. f5 Re3 27. Rf3 Rxf3 28. gxf3 c5 29. bxc5 Qxc5 30. Qa4 Qc1+ 31. Kg2 Qd2+ 32. Kh3 Qxd3 33. Qe8+ Kh7 34. Kg2 Qxf5 35. h4 c5 0-1

[Event "OP-2017-0-04385"]
[Site "LSS email"]
[Date "2017.07.19"]
[Round "?"]
[White "Goti, Javier"]
[Black "Vontina, Maria"]
[Result "1-0"]
[WhiteElo "661"]
[BlackElo "687"]
[PlyCount "39"]
[EventDate "2017.07.04"]
[EventType "tourn (corr)"]
[EventRounds "4"]
[EventCountry "GER"]
[SourceTitle "Corr 2022"]
[Source "ChessBase"]
[SourceDate "2021.10.24"]
[SourceVersion "1"]
[SourceVersionDate "2021.10.24"]
[SourceQuality "1"]

1. e4 e6 2. Nf3 d5 3. exd5 exd5 4. d4 Nf6 5. Be2 Be7 6. 0-0 0-0 7. c4 c6 8. c5 Re8 9. Nc3 Nbd7 10. Qc2 Nf8 11. Ne5 Ng6 12. Nxg6 hxg6 13. Bg5 Qc7 14. Rac1 Bf5 15. Bd3 Bxd3 16. Qxd3 a6 17. f3 Bf8 18. Na4 Re6 19. Nb6 Nd7 20. Nxa8 1-0

[Event "SN-2017-0-00866"]
[Site "LSS email"]
[Date "2017.07.12"]
[Round "?"]
[White "Goti, Javier"]
[Black "Ducharme, Steven"]
[Result "0-1"]
[WhiteElo "647"]
[BlackElo "846"]
[PlyCount "52"]
[EventDate "2017.06.27"]
[EventType "tourn (corr)"]
[EventRounds "6"]
[EventCountry "GER"]
[SourceTitle "Corr 2022"]
[Source "ChessBase"]
[SourceDate "2021.10.24"]
[SourceVersion "1"]
[SourceVersionDate "2021.10.24"]
[SourceQuality "1"]

1. e4 e6 2. Nf3 c6 3. Be2 d5 4. exd5 exd5 5. d4 Be7 6. 0-0 Nf6 7. Nc3 0-0 8. Bg5 Nbd7 9. a3 h6 10. Bh4 Ne4 11. Bxe7 Qxe7 12. Na2 a5 13. c4 Ndf6 14. Nc3 Re8 15. Rc1 Bf5 16. Ne5 Nd6 17. b3 Nd7 18. Re1 Nxe5 19. dxe5 Qxe5 20. Na4 dxc4 21. bxc4 Rad8 22. c5 Ne4 23. Bf3 Rxd1 24. Rexd1 Ng5 25. Nb6 Nxf3+ 26. gxf3 Bh3 0-1

[Event "SN-2017-0-00866"]
[Site "LSS email"]
[Date "2017.07.12"]
[Round "?"]
[White "Vontina, Maria"]
[Black "Goti, Javier"]
[Result "1-0"]
[WhiteElo "686"]
[BlackElo "647"]
[PlyCount "83"]
[EventDate "2017.06.27"]
[EventType "tourn (corr)"]
[EventRounds "6"]
[EventCountry "GER"]
[SourceTitle "Corr 2022"]
[Source "ChessBase"]
[SourceDate "2021.10.24"]
[SourceVersion "1"]
[SourceVersionDate "2021.10.24"]
[SourceQuality "1"]

1. e4 c5 2. Nf3 Nc6 3. d4 cxd4 4. Nxd4 d6 5. Nc3 e5 6. Nb3 Be7 7. Be2 Nf6 8. 0-0 h6 9. f3 0-0 10. a3 Be6 11. Nd2 Rc8 12. Nb3 a6 13. Be3 Bxb3 14. cxb3 b5 15. Rc1 Re8 16. b4 Bf8 17. Nd5 Nxd5 18. Qxd5 Ne7 19. Qd2 d5 20. exd5 Nf5 21. Bc5 Nd6 22. b3 Be7 23. a4 Bg5 24. Be3 Bxe3+ 25. Qxe3 Nf5 26. Qd3 Qb6+ 27. Kh1 Nd4 28. Rfe1 f5 29. Bf1 bxa4 30. bxa4 Qxb4 31. Qxa6 Ra8 32. Qb5 Qxa4 33. Qxa4 Rxa4 34. Ra1 Rxa1 35. Rxa1 Nb3 36. Rd1 Nd4 37. f4 Nc2 38. fxe5 Rxe5 39. d6 Re8 40. Bb5 Rd8 41. d7 Ne3 42. Rc1 1-0

[Event "LSS No Engine Cup 171 Preliminary 0"]
[Site "LSS email"]
[Date "2017.07.10"]
[Round "?"]
[White "Miquel, Indalecio"]
[Black "Goti, Javier"]
[Result "1-0"]
[WhiteElo "1825"]
[BlackElo "1061"]
[PlyCount "84"]
[EventDate "2017.07.11"]
[EventType "tourn (corr)"]
[EventRounds "6"]
[EventCountry "GER"]
[SourceTitle "Corr 2022"]
[Source "ChessBase"]
[SourceDate "2021.10.24"]
[SourceVersion "1"]
[SourceVersionDate "2021.10.24"]
[SourceQuality "1"]

1. d4 f5 2. c4 e6 3. Nc3 Nf6 4. Bf4 Bb4 5. e3 0-0 6. Bd3 Nc6 7. Nf3 d6 8. 0-0 Bxc3 9. bxc3 b6 10. h3 h6 11. Qe2 Bb7 12. Rab1 e5 13. dxe5 dxe5 14. Nxe5 Ne4 15. Bxe4 fxe4 16. Nxc6 Bxc6 17. Qg4 Bd7 18. Qg3 Be6 19. Bxh6 Rf7 20. Bf4 Bxc4 21. Rfd1 Bd3 22. Bxc7 Qxc7 23. Qxc7 Rxc7 24. Rbc1 a5 25. Rd2 Rac8 26. Rb2 b5 27. a3 Rxc3 28. Ra1 a4 29. Kh2 Rb3 30. Rd2 b4 31. axb4 Rxb4 32. Kg3 Ra8 33. Rda2 Kh7 34. Ra3 g5 35. f3 Bc2 36. Rc3 Rb1 37. Raa3 Bd3 38. fxe4 Bxe4 39. Rc4 Rb3 40. Raxa4 Rxa4 41. Rxa4 Rxe3+ 42. Kf2 Rc3 1-0

[Event "RN-2017-0-01310"]
[Site "LSS email"]
[Date "2017.07.07"]
[Round "?"]
[White "Kuttner, Jaromir"]
[Black "Goti, Javier"]
[Result "1-0"]
[WhiteElo "648"]
[BlackElo "661"]
[PlyCount "83"]
[EventDate "2017.07.01"]
[EventType "tourn (corr)"]
[EventRounds "6"]
[EventCountry "GER"]
[SourceTitle "Corr 2022"]
[Source "ChessBase"]
[SourceDate "2021.10.24"]
[SourceVersion "1"]
[SourceVersionDate "2021.10.24"]
[SourceQuality "1"]

1. e4 c5 2. Nf3 d6 3. d4 cxd4 4. Nxd4 Nf6 5. Nc3 a6 6. Be3 e6 7. g3 Be7 8. Bg2 0-0 9. 0-0 e5 10. Nde2 Nc6 11. Nd5 Be6 12. Nxe7+ Qxe7 13. h3 Qd7 14. g4 h6 15. Ng3 Rac8 16. Nf5 Bxf5 17. exf5 d5 18. f4 exf4 19. Rxf4 Rfe8 20. Qf3 Ne4 21. Rd1 Ne5 22. Qxe4 dxe4 23. Rxd7 Rxc2 24. Rd2 Rc1+ 25. Rf1 Nf3+ 26. Bxf3 Rxf1+ 27. Kxf1 exf3 28. Kf2 a5 29. Kxf3 b5 30. Rd5 Rb8 31. Bd4 f6 32. Ke3 a4 33. b4 Rb7 34. Rd8+ Kf7 35. Bc5 g6 36. fxg6+ Kxg6 37. h4 Rf7 38. Ke4 h5 39. gxh5+ Kxh5 40. Rh8+ Kg6 41. Rb8 f5+ 42. Kf4 1-0

[Event "RN-2017-0-01310"]
[Site "LSS email"]
[Date "2017.07.06"]
[Round "?"]
[White "Heiser, Jerome"]
[Black "Goti, Javier"]
[Result "1-0"]
[WhiteElo "552"]
[BlackElo "661"]
[PlyCount "51"]
[EventDate "2017.07.01"]
[EventType "tourn (corr)"]
[EventRounds "6"]
[EventCountry "GER"]
[SourceTitle "Corr 2022"]
[Source "ChessBase"]
[SourceDate "2021.10.24"]
[SourceVersion "1"]
[SourceVersionDate "2021.10.24"]
[SourceQuality "1"]

1. e4 c5 2. d4 cxd4 3. Qxd4 Nc6 4. Qe3 e5 5. Bb5 Nf6 6. Bxc6 bxc6 7. Nf3 Be7 8. 0-0 a5 9. Nxe5 0-0 10. a4 Bb7 11. h3 d5 12. exd5 cxd5 13. c3 Rc8 14. Nd2 Re8 15. Ndf3 Bc5 16. Qe1 Ba6 17. Be3 Bxf1 18. Kxf1 Bxe3 19. Qxe3 Ne4 20. Rd1 f5 21. Qd4 Qc7 22. Qxd5+ Kf8 23. Nd7+ Ke7 24. Qxf5 Nf6 25. Ng5 Nxd7 26. Qf7+ 1-0

[Event "LSS No Engine Cup 170 Preliminary 0"]
[Site "LSS email"]
[Date "2017.06.15"]
[Round "?"]
[White "Goti, Javier"]
[Black "Herzog, Matthias"]
[Result "0-1"]
[WhiteElo "1067"]
[BlackElo "2164"]
[PlyCount "44"]
[EventDate "2017.06.16"]
[EventType "tourn (corr)"]
[EventRounds "6"]
[EventCountry "GER"]
[SourceTitle "Corr 2022"]
[Source "ChessBase"]
[SourceDate "2021.10.24"]
[SourceVersion "1"]
[SourceVersionDate "2021.10.24"]
[SourceQuality "1"]

1. e4 e5 2. Nf3 Nc6 3. Bb5 Nf6 4. d3 Bc5 5. 0-0 d6 6. Bg5 h6 7. Bh4 g5 8. Bg3 Bg4 9. Bxc6+ bxc6 10. h3 Bh5 11. Nbd2 0-0 12. Nb3 Bb6 13. Bh2 g4 14. hxg4 Bxg4 15. Nbd2 Nh7 16. c3 Ng5 17. Qe1 Nxf3+ 18. Nxf3 Bxf3 19. gxf3 Kh8 20. Kh1 Qh4 21. Rd1 f5 22. Rg1 Bxf2 0-1

[Event "SN-2017-0-00856"]
[Site "LSS email"]
[Date "2017.06.07"]
[Round "?"]
[White "Goti, Javier"]
[Black "Kaupat, Lothar"]
[Result "1/2-1/2"]
[WhiteElo "666"]
[BlackElo "806"]
[PlyCount "54"]
[EventDate "2017.05.17"]
[EventType "tourn (corr)"]
[EventRounds "6"]
[EventCountry "GER"]
[SourceTitle "Corr 2022"]
[Source "ChessBase"]
[SourceDate "2021.10.24"]
[SourceVersion "1"]
[SourceVersionDate "2021.10.24"]
[SourceQuality "1"]

1. e4 e5 2. Nf3 f5 3. d3 Nc6 4. Be2 Nf6 5. 0-0 d6 6. Nc3 Be7 7. a3 0-0 8. Bg5 fxe4 9. Nxe4 Be6 10. c3 Nxe4 11. Bxe7 Nxe7 12. dxe4 h6 13. Nd2 Qd7 14. c4 Ng6 15. g3 Bh3 16. Re1 Rf6 17. Nf1 Raf8 18. f3 Ne7 19. Ne3 Nc6 20. Nc2 Kh7 21. Ne3 Nd4 22. Nf5 Bxf5 23. exf5 Nxe2+ 24. Qxe2 Qc6 25. g4 Qb6+ 26. Qf2 Qxf2+ 27. Kxf2 b6 1/2-1/2

[Event "SN-2017-0-00856"]
[Site "LSS email"]
[Date "2017.06.07"]
[Round "?"]
[White "Pliska, Miroslav"]
[Black "Goti, Javier"]
[Result "1-0"]
[WhiteElo "1166"]
[BlackElo "666"]
[PlyCount "37"]
[EventDate "2017.05.17"]
[EventType "tourn (corr)"]
[EventRounds "6"]
[EventCountry "GER"]
[SourceTitle "Corr 2022"]
[Source "ChessBase"]
[SourceDate "2021.10.24"]
[SourceVersion "1"]
[SourceVersionDate "2021.10.24"]
[SourceQuality "1"]

1. f4 f5 2. Nf3 Nf6 3. e3 g6 4. b3 Bg7 5. Bb2 0-0 6. Be2 d6 7. 0-0 Nc6 8. Bb5 Ne4 9. Bxg7 Kxg7 10. Bxc6 bxc6 11. d3 Nf6 12. Nbd2 c5 13. Nc4 a5 14. Qd2 Bb7 15. Rae1 a4 16. Ng5 Bd5 17. e4 fxe4 18. dxe4 Bc6 19. Ne6+ 1-0

[Event "SN-2017-0-00856"]
[Site "LSS email"]
[Date "2017.06.07"]
[Round "?"]
[White "Popov, Minja"]
[Black "Goti, Javier"]
[Result "1-0"]
[WhiteElo "2060"]
[BlackElo "666"]
[PlyCount "27"]
[EventDate "2017.05.17"]
[EventType "tourn (corr)"]
[EventRounds "6"]
[EventCountry "GER"]
[SourceTitle "Corr 2022"]
[Source "ChessBase"]
[SourceDate "2021.10.24"]
[SourceVersion "1"]
[SourceVersionDate "2021.10.24"]
[SourceQuality "1"]

1. d4 f5 2. Nc3 g6 3. h4 h5 4. Qd3 Bg7 5. e4 e6 6. Qg3 Qf6 7. Qxc7 Nc6 8. Nb5 Bf8 9. Bg5 Qg7 10. Qg3 d6 11. exf5 exf5 12. 0-0-0 Nf6 13. Bxf6 Qxf6 14. Nc7+ 1-0

[Event "RN-2017-0-01298"]
[Site "LSS email"]
[Date "2017.06.05"]
[Round "?"]
[White "Goti, Javier"]
[Black "Bortnicker, Justin"]
[Result "0-1"]
[WhiteElo "674"]
[BlackElo "855"]
[PlyCount "76"]
[EventDate "2017.05.24"]
[EventType "tourn (corr)"]
[EventRounds "6"]
[EventCountry "GER"]
[SourceTitle "Corr 2022"]
[Source "ChessBase"]
[SourceDate "2021.10.24"]
[SourceVersion "1"]
[SourceVersionDate "2021.10.24"]
[SourceQuality "1"]

1. e4 c5 2. Nf3 e6 3. d4 cxd4 4. Nxd4 Bc5 5. Be3 Qb6 6. b3 Nc6 7. c3 Nge7 8. Na3 Bxa3 9. Nxe6 Qa5 10. Nxg7+ Kf8 11. Bd2 Kxg7 12. Qg4+ Ng6 13. Bd3 Nce5 14. Qe2 Bb2 15. b4 Nxd3+ 16. Qxd3 Qe5 17. Rb1 Ba3 18. c4 Qe6 19. 0-0 Ne5 20. Qxa3 Qxc4 21. Bc3 Re8 22. f4 Qxe4 23. Bxe5+ f6 24. Rfe1 Qg6 25. Rbd1 fxe5 26. fxe5 b6 27. Rd3 Kh8 28. Rd6 Qg5 29. Qc3 Re6 30. Rf1 Bb7 31. g3 Rc8 32. Qb2 Qe3+ 33. Qf2 Qxf2+ 34. Rxf2 Rxd6 35. exd6 Rc1+ 36. Rf1 Rc2 37. a4 Rg2+ 38. Kh1 Rxg3+ 0-1

[Event "RN-2017-0-01298"]
[Site "LSS email"]
[Date "2017.06.05"]
[Round "?"]
[White "Goti, Javier"]
[Black "Gamba, Juan Manuel"]
[Result "0-1"]
[WhiteElo "674"]
[BlackElo "933"]
[PlyCount "56"]
[EventDate "2017.05.24"]
[EventType "tourn (corr)"]
[EventRounds "6"]
[EventCountry "GER"]
[SourceTitle "Corr 2022"]
[Source "ChessBase"]
[SourceDate "2021.10.24"]
[SourceVersion "1"]
[SourceVersionDate "2021.10.24"]
[SourceQuality "1"]

1. e4 e6 2. Nf3 d5 3. exd5 exd5 4. d4 Nc6 5. Bb5 Bd6 6. 0-0 Nge7 7. Nc3 0-0 8. Bxc6 bxc6 9. Be3 Bg4 10. h3 Bh5 11. Bg5 f6 12. Bh4 Nf5 13. Bg3 Bxf3 14. Qxf3 Bxg3 15. fxg3 Nxd4 16. Qd3 Ne6 17. Ne2 Rb8 18. Nd4 Nxd4 19. c3 Nb5 20. c4 dxc4 21. Qxc4+ Kh8 22. Qxc6 Qd6 23. Qf3 Nd4 24. Qf2 Qb6 25. Kh2 Qxb2 26. g4 Ne2 27. Qxa7 Qe5+ 28. Kh1 Ng3+ 0-1

[Event "RN-2017-0-01298"]
[Site "LSS email"]
[Date "2017.06.05"]
[Round "?"]
[White "Goti, Javier"]
[Black "Venturas, Bob"]
[Result "1/2-1/2"]
[WhiteElo "674"]
[BlackElo "707"]
[PlyCount "125"]
[EventDate "2017.05.24"]
[EventType "tourn (corr)"]
[EventRounds "6"]
[EventCountry "GER"]
[SourceTitle "Corr 2022"]
[Source "ChessBase"]
[SourceDate "2021.10.24"]
[SourceVersion "1"]
[SourceVersionDate "2021.10.24"]
[SourceQuality "1"]

1. e4 e5 2. Nf3 Nc6 3. Bb5 d6 4. 0-0 Bd7 5. c3 Nf6 6. d3 h6 7. h3 a6 8. Ba4 b5 9. Bc2 Be7 10. Be3 0-0 11. Nbd2 d5 12. Nb3 Be6 13. Rc1 a5 14. Nbd2 Bd6 15. d4 Be7 16. Nb3 dxe4 17. Nxe5 Nxe5 18. dxe5 Nd7 19. f3 Nxe5 20. Bxe4 Qxd1 21. Rcxd1 Rad8 22. Nxa5 f5 23. Nc6 Rxd1 24. Nxe7+ Kf7 25. Rxd1 Kxe7 26. Bc5+ Kf7 27. Bxf8 Kxf8 28. Bc2 Ke7 29. b3 c5 30. a4 b4 31. f4 Nc6 32. c4 Nd4 33. Rd2 g5 34. a5 Bc8 35. fxg5 hxg5 36. Bd1 Kf6 37. Bh5 Nxb3 38. Ra2 Ba6 39. Be2 Nd4 40. Bd3 Ke5 41. Ra1 Nb3 42. Re1+ Kf6 43. Re8 Nxa5 44. Rf8+ Ke7 45. Rxf5 b3 46. Rxc5 Nb7 47. Rxg5 Nd6 48. h4 b2 49. Bb1 Nxc4 50. h5 Nd2 51. Bc2 Bc4 52. Rg7+ Kf6 53. Rg6+ Kf7 54. h6 Bb3 55. h7 Bxc2 56. Rb6 Bxh7 57. Rxb2 Ne4 58. g4 Kg6 59. Kh2 Kg5 60. Rb5+ Kxg4 61. Rb4 Bf5 62. Rxe4+ Bxe4 63. Kg1 1/2-1/2